000 00776nam a2200181Ia 4500
008 151202s9999||||xx |||||||||||||| ||und||
082 _bPNVM-44105
100 _aतळवलकर गोविंद.
245 _aसोव्हिएत साम्राज्याचा उदय आणि अस्त.
260 _b"मौज प्रकाशन गृह,पुणे."
260 _c2001
300 _a396
600 _aतळवलकर गोविंद.
630 _aसोव्हिएत साम्राज्याचा उदय आणि अस्त.
700 _aतळवलकर गोविंद.
730 _aसोव्हिएत साम्राज्याचा उदय आणि अस्त.
942 _cBOOK
999 _c1310057
_d1310054